000 01674cam a22004574i 4500
003 PE-LiUPU
005 20250731173538.0
008 150616s r 000 0 d
020 _a0687091179
035 _a(Sirsi) i9780687091171
040 _aPE-LiUPU
_bspa
_cPE-LiUPU
_erda
049 _aPRUA
082 0 4 _a264
_bW92
_221
100 1 _aWright, Timothy,
_eautor.
245 1 2 _aA Community of Joy /
_cTimothy Wright.
264 1 _aNashville, Tennessee :
_bAbingdon Press,
_c1994.
300 _a152 páginas ;
_c21 centímetros
336 _atext
_2rdacontent
337 _aunmediated
_2rdamedia
338 _avolume
_2rdacarrier
505 0 _aWe've never done it that way before.- Liturgical worship and the unchurched.- Making liturgical worship visitor-friendly.- Contemporary worship: laying the foundation.- Designing a contemporary outreach-oriented service.- Preaching and the unchurched.- Preaching to irreligious people.
526 _aSEG42
526 _aSEG41
526 _aSEG40
526 _aSEG39
526 _aP94
526 _aP87
526 _aP86
526 _aP85
526 _aP77
526 _aP76
526 _aP35
650 0 4 _aCulto público.
910 _ajck
_bjvq
_cjck
942 _2ddc
_cBOOK
949 _a264 W92
_wDEWEY
_c1
_i42510
_lCCODEBUL1
_mBUL
_r0
_sY
_tBOOK
_u2015-6-16
_xTEOLOGIA
_zUNKNOWN
_0COMPRA
_o.STAFF. Colección General
994 _aC0
_bPEPRU
596 _a1
999 _a264 W92
_wDEWEY
_c60343
_i42510
_f2021-11-10
_g5
_lCCODEBUL1
_mBUL
_r0
_sY
_tBOOK
_u2015-6-16
_xTEOLOGIA
_zUNKNOWN
_0COMPRA
_o.STAFF. Colección General
_d60343
980 _81
_gALBERTO SANCHEZ Responsable de Automatización